Reinforced Concrete Stuctures / (Record no. 965)

MARC details
000 -LEADER
fixed length control field 00533nac a22001691u 4500
008 - FIXED-LENGTH DATA ELEMENTS--GENERAL INFORMATION
fixed length control field 100908t2004 ii |||||r|||| 001 0 eng d
020 ## - INTERNATIONAL STANDARD BOOK NUMBER
International Standard Book Number 8121923530
020 ## - INTERNATIONAL STANDARD BOOK NUMBER
International Standard Book Number 9788121923538
082 ## - DEWEY DECIMAL CLASSIFICATION NUMBER
Classification number 624.18341
Item number SYA
Edition number 22
100 ## - MAIN ENTRY--PERSONAL NAME
Personal name Syal, I. C.
9 (RLIN) 18732
245 ## - TITLE STATEMENT
Title Reinforced Concrete Stuctures /
Statement of responsibility, etc I. C. Syal, A. K. Goel.
260 ## - PUBLICATION, DISTRIBUTION, ETC. (IMPRINT)
Place of publication, distribution, etc New Delhi :
Name of publisher, distributor, etc Schand & Company Ltd,
Date of publication, distribution, etc 2004.
300 ## - PHYSICAL DESCRIPTION
Extent 743 P. :
Other physical details ill.;
Dimensions 24 cm.
650 ## - SUBJECT ADDED ENTRY--TOPICAL TERM
Topical term or geographic name as entry element Reinforced concrete construction.
9 (RLIN) 18733
700 ## - ADDED ENTRY--PERSONAL NAME
Personal name Goel, A. K.
9 (RLIN) 18734
942 ## - ADDED ENTRY ELEMENTS (KOHA)
Item type Book - Borrowing
Call number prefix 624.18341SYA
Source of classification or shelving scheme Dewey Decimal Classification
Holdings
Withdrawn status Item status Source of classification or shelving scheme Damaged status Not for loan Vendor Home library Current library Shelving location Date acquired Source of acquisition Cost, normal purchase price Total Checkouts Full call number Barcode Date last seen Cost, replacement price Koha item type Total Renewals Date last borrowed
    Dewey Decimal Classification       Central Library Central Library First floor 06/08/2013   90.00   624.18341 SYA 000003552 20/10/2025 112.50 Book - Borrowing    
            Central Library Central Library First floor 07/03/2012 Purchase 90.00 1 624.18341 SYA 000001173 15/07/2025 112.50 Book - Borrowing 30 08/10/2017
    Dewey Decimal Classification       Central Library Central Library First floor 08/09/2010   90.00 1 624.18341 SYA 000001376 15/07/2025 112.50 Book - Borrowing 4 17/03/2018